000 00553nam a2200229Ia 4500
003 OSt
005 20220924153706.0
006 a|||||r|||| 00| 0
007 ta
008 220923b |||||||| |||| 00| 0 tam d
024 _a351340
037 _cTextual
040 _aARTS
_cARTS
_btam
041 _2tam
_atam
082 _aO31,1C61x, L3
245 0 _aKadugam kadigai maamoolam
260 _c1973
650 _a TAMIL POETRY
650 _aTAMIL LITERATURE
942 _hO31,1C61x, L3
_cTEXL
_2CC
999 _c474536
_d474536